[Event "Nizhnij Novgorod Dubinin Memorial 15th"]
[Site "Nizhnij Novgorod"]
[Date "2008.01.??"]
[Round "?"]
[White "Marsak, Viktor D"]
[Black "Terentiev, Anton"]
[Result "1/2-1/2"]
[WhiteElo "2062"]
[BlackElo "1799"]
[PlyCount "116"]
[EventDate "2008.01.??"]
[EventType "swiss"]
[EventRounds "9"]
[EventCountry "RUS"]
[SourceTitle "CBM 122 Extra"]
[Source "ChessBase"]
[SourceDate "2008.03.04"]
[SourceVersion "1"]
[SourceVersionDate "2008.03.04"]
[SourceQuality "1"]

1. e4 c6 2. Nc3 d5 3. Qf3 Nf6 4. e5 Ng8 5. d4 e6 6. Qg3 Ne7 7. Bd3 Qb6 8. Nf3 Nd7 9. 0-0 Ng6 10. Ne2 Be7 11. h4 Bf8 12. Ng5 c5 13. c3 Qc6 14. Nxh7 Rxh7 15. Bxg6 Rh8 16. Bd3 b6 17. Bg5 f6 18. Bg6+ Kd8 19. Be3 Ba6 20. Rfe1 Bxe2 21. Rxe2 f5 22. Bg5+ Kc8 23. b4 cxb4 24. cxb4 Kb7 25. Rc1 Qb5 26. Rec2 Bxb4 27. Rc7+ Ka6 28. Bf7 Nf8 29. Rb1 Qa4 30. a3 Ba5 31. Qd3+ b5 32. Rc6+ Kb7 33. Rd6 a6 34. Be7 Qc4 35. Qxc4 dxc4 36. Bxf8 Raxf8 37. Bxe6 c3 38. g3 f4 39. Bd5+ Kc7 40. Rc6+ Kd7 41. Rxa6 Bc7 42. Rxb5 fxg3 43. fxg3 Rb8 44. Be6+ Ke7 45. Rc5 Bb6 46. Rc6 Bxd4+ 47. Kg2 Bxe5 48. Bf5 Bf6 49. Ra7+ Kf8 50. Rac7 Rh5 51. g4 Rxh4 52. Rc8+ Rxc8 53. Rxc8+ Ke7 54. a4 Be5 55. Kf3 Rh2 56. Ke4 Bf6 57. Kd5 Ra2 58. Rc7+ Kd8 1/2-1/2

[Event "Nizhnij Novgorod Dubinin Memorial 15th"]
[Site "Nizhnij Novgorod"]
[Date "2008.01.??"]
[Round "?"]
[White "Terentiev, Anton"]
[Black "Komin, Vladimir"]
[Result "0-1"]
[WhiteElo "1799"]
[BlackElo "2074"]
[PlyCount "40"]
[EventDate "2008.01.??"]
[EventType "swiss"]
[EventRounds "9"]
[EventCountry "RUS"]
[SourceTitle "CBM 122 Extra"]
[Source "ChessBase"]
[SourceDate "2008.03.04"]
[SourceVersion "1"]
[SourceVersionDate "2008.03.04"]
[SourceQuality "1"]

1. e4 c5 2. c3 d5 3. exd5 Qxd5 4. d4 Nf6 5. Nf3 g6 6. Be3 cxd4 7. cxd4 Bg7 8. Nc3 Qa5 9. Bc4 0-0 10. 0-0 a6 11. Ne5 Nbd7 12. f4 Nb6 13. Bb3 Nbd5 14. Nxd5 Nxd5 15. Bd2 Qb6 16. Bc1 Be6 17. Kh1 Rfd8 18. a3 Rac8 19. Bc2 Nf6 20. Be3 Qxb2 0-1

[Event "Nizhnij Novgorod Dubinin Memorial 15th"]
[Site "Nizhnij Novgorod"]
[Date "2008.01.??"]
[Round "?"]
[White "Terentiev, Anton"]
[Black "Krashenov, Valery"]
[Result "1-0"]
[WhiteElo "1799"]
[BlackElo "1946"]
[PlyCount "61"]
[EventDate "2008.01.??"]
[EventType "swiss"]
[EventRounds "9"]
[EventCountry "RUS"]
[SourceTitle "CBM 122 Extra"]
[Source "ChessBase"]
[SourceDate "2008.03.04"]
[SourceVersion "1"]
[SourceVersionDate "2008.03.04"]
[SourceQuality "1"]

1. e4 g6 2. d4 Bg7 3. Nc3 Nf6 4. e5 Ng8 5. f4 d6 6. Nf3 Nh6 7. Bc4 c6 8. Be3 b5 9. Bd3 Bf5 10. Qe2 0-0 11. 0-0-0 Qa5 12. Kb1 Be6 13. d5 cxd5 14. Bxb5 a6 15. Ba4 Nf5 16. Bf2 dxe5 17. fxe5 Rc8 18. Bb3 Rd8 19. g4 Nh6 20. h3 Nc6 21. Be3 d4 22. Nxd4 Nxd4 23. Bxd4 Bxb3 24. axb3 e6 25. Qe3 Kh8 26. Rhf1 Rd7 27. Na4 Re8 28. Nb6 Rb7 29. Nc4 Qc7 30. Nd6 Reb8 31. Nxb7 1-0